Schaum's Outline of Principles of Accounting II : (Record no. 606126)

MARC details
000 -LEADER
fixed length control field 00515nam a2200193 a 4500
008 - FIXED-LENGTH DATA ELEMENTS--GENERAL INFORMATION
fixed length control field 251231s1994##################000#0#eng##
020 ## - INTERNATIONAL STANDARD BOOK NUMBER
ISBN 9780070375895
082 04 - DEWEY DECIMAL CLASSIFICATION NUMBER
Classification number 657.076
Item number LER
100 1# - MAIN ENTRY--AUTHOR NAME
Personal name Lerner, Joel J.,
245 10 - TITLE STATEMENT
Title Schaum's Outline of Principles of Accounting II :
260 ## - PUBLICATION, DISTRIBUTION, ETC. (IMPRINT)
Name of publisher McGraw Hill Professional,
Year of publication 1994.
300 ## - PHYSICAL DESCRIPTION
Number of Pages 340 pages
650 #0 - SUBJECT ADDED ENTRY--TOPICAL TERM
Topical Term Business & Economics.
942 ## - ADDED ENTRY ELEMENTS (KOHA)
Koha item type English Books
Holdings
Withdrawn status Lost status Damaged status Not for loan Home library Current library Shelving location Date acquired Full call number Accession Number Price effective from Koha item type
        Anna Centenary Library Anna Centenary Library 6TH FLOOR, A WING 31.12.2025 657.076 LER 405371 31.12.2025 English Books

Find us on the map